000
00218 a2200097 4500
001
57463
100
_a
245
_a
Telecommunications cost management
260
_a
Bostob
_b
Artech house
_c
2002
090
_c
35195
_d
35195
942
_a
NUST-CAE
_c
_c
27997
999
_c
292536
_d
292536